00310nam a2200121Ia 4500008004000000082001300040100001900053245004000072250000500112260004600117300000800163650001700171210210b1980 xxu||||| |||| 00| 0 eng d a658 PRAP aPRADEEP KUMAR. aPrinciples of management. Rev Ed 3. a aMeerut.bKedar Nath Ram Nath & Co.,c1980 a306 aManagement